Introduction to integral equations with applications / (Record no. 29528)
[ view plain ]
| 000 -LEADER | |
|---|---|
| fixed length control field | 00573 a2200181 4500 |
| 020 ## - INTERNATIONAL STANDARD BOOK NUMBER | |
| International Standard Book Number | 0471317349 |
| 020 ## - INTERNATIONAL STANDARD BOOK NUMBER | |
| International Standard Book Number | 9780471317340 |
| 082 ## - DEWEY DECIMAL CLASSIFICATION NUMBER | |
| Classification number | 515.45 |
| 090 ## - LOCALLY ASSIGNED LC-TYPE CALL NUMBER (OCLC); LOCAL CALL NUMBER (RLIN) | |
| -- | 905 |
| -- | 905 |
| 100 1# - MAIN ENTRY--PERSONAL NAME | |
| Personal name | Jerri, A. |
| 245 10 - TITLE STATEMENT | |
| Title | Introduction to integral equations with applications / |
| Statement of responsibility, etc. | A. Jerri. |
| 250 ## - EDITION STATEMENT | |
| Edition statement | 2nd ed. |
| 260 ## - PUBLICATION, DISTRIBUTION, ETC. | |
| Place of publication, distribution, etc. | [S.l.] : |
| Name of publisher, distributor, etc. | Wiley-Interscience, |
| Date of publication, distribution, etc. | 1999. |
| 300 ## - PHYSICAL DESCRIPTION | |
| Extent | 456 p. ; |
| Dimensions | 24 cm. |
| 700 ## - ADDED ENTRY--PERSONAL NAME | |
| Personal name | Jerri, A. |
| 942 ## - ADDED ENTRY ELEMENTS (KOHA) | |
| Institution code [OBSOLETE] | SNS |
| Koha item type | Book |
| Call number prefix | 515.45 JER |
| Withdrawn status | Lost status | Damaged status | Not for loan | Permanent Location | Current Location | Date acquired | Total Checkouts | Full call number | Barcode | Checked out | Date last seen | Date last checked out | Price effective from | Koha item type |
|---|---|---|---|---|---|---|---|---|---|---|---|---|---|---|
| School of Natural Sciences (SNS) | School of Natural Sciences (SNS) | 05/26/2016 | 1 | 515.45 JER | SNS0001075 | 06/19/2025 | 02/19/2025 | 02/19/2025 | 05/26/2016 | Book |
